000
00346nam a2200157Ia 4500
003
OSt
005
20240304113635.0
008
170524s9999 xx 000 0 und d
020
_a
978-0333109281
040
_c
IIMT UNIVERSITY
100
_a
Nag P K
245
0
_a
Engineering Thermodynamics
260
_b
TMH
260
_c
2006
942
_2
ddc
_c
02
999
_c
5455
_d
5455